书目信息 |
| 题名: |
2005年司法考试重点、难点、疑点精解丛书
|
|
| 作者: | 李仁玉 编著 | |
| 分册: | 民法学卷 | |
| 出版信息: | 北京 北京大学出版社 2005 |
|
| 页数: | 440页 | |
| 开本: | 26cm | |
| 丛书名: | ||
| 单 册: | ||
| 中图分类: | D9 | |
| 科图分类: | ||
| 主题词: | 法律 | |
| 电子资源: | ||
| ISBN: | 7-301-06146-3 | |
| 000 | 00672nam0 2200217 450 | |
| 001 | 0737536392 | |
| 005 | 20070716144419.84 | |
| 010 | @a7-301-06146-3@dCNY40.00 | |
| 100 | @a20070715d2005 km y0chiy0120 ea | |
| 101 | 0 | @achi |
| 102 | @aCN@b110000 | |
| 200 | 1 | @a2005年司法考试重点、难点、疑点精解丛书@A2005 nian si fa kao shi zhong dian、nan dian、yi dian jing jie cong shu@i民法学卷@f李仁玉编著@Fli ren yu bian zhu |
| 205 | @a3版 | |
| 210 | @a北京@c北京大学出版社@d2005 | |
| 215 | @a440页@d26cm | |
| 517 | 1 | @a民法学卷@Amin fa xue juan |
| 606 | 0 | @a法律 |
| 690 | @aD9@v3 | |
| 701 | 0 | @a李仁玉@Ali ren yu@4编著 |
| 801 | 0 | @aCN@bPFT@c20070716 |
| 905 | @a10447@dD9@e349=3 | |
| 2005年司法考试重点、难点、疑点精解丛书.民法学卷/李仁玉编著.-3版.-北京:北京大学出版社,2005 |
| 440页;26cm |
| ISBN 7-301-06146-3:CNY40.00 |
| ● |
| 相关链接 |
|
|
|
|
正题名:2005年司法考试重点、难点、疑点精解丛书
索取号:D9/349=3
 
预约/预借
| 序号 | 登录号 | 条形码 | 馆藏地/架位号 | 状态 | 备注 |
| 1 | 0777531 | 207775317 | 第一样本阅览室/ [索取号:D9/349=3] | 在馆 |